Find Five: Brit Lit Quiz Stats

Quiz Updated Jun 23, 2016

Challenge
Share
Tweet
Embed
Score 0/50 Timer 06:00
4 Plays Today
% Correct
The Chamber of Secrets
98.3%
The Deathly Hallows
98%
The Goblet of Fire
97.8%
The Prisoner of Azkaban
97%
The Half-Blood Prince
96.6%
Hamlet
96.5%
King Lear
95.8%
Pride and Prejudice
93.4%
Sense and Sensibility
92.2%
The Hobbit
92%
A Tale of Two Cities
91.6%
Great Expectations
91.1%
David Copperfield
90.6%
The Two Towers
89.1%
The Comedy of Errors
89%
Murder on the Orient Express
88.9%
The A.B.C. Murders
85.1%
The Time Machine
84.5%
The War of the Worlds
84.4%
Mansfield Park
82%
The Magician's Nephew
78.9%
And Then There Were None
78.7%
Northanger Abbey
77.4%
Bleak House
77.1%
Persuasion
75.4%
% Correct
The Voyage of the Dawn Treader
75.3%
Measure for Measure
74.3%
2001: A Space Odyssey
73.9%
The Silver Chair
72.2%
The Silmarillion
70.4%
Cymbeline
70%
The Horse and His Boy
69.4%
The Invisible Man
68.8%
Atonement
68.5%
Hard Times
67.6%
The Mirror Crack'd from Side to Side
67.1%
The Last Battle
66.8%
The Island of Dr. Moreau
65.5%
The Legend of Sigurd and Gudrún
63.7%
The Children of Húrin
56.9%
The First Men in the Moon
54.3%
The Songs of Distant Earth
52.5%
Enduring Love
50.7%
Five Little Pigs
47.9%
The Innocent
45.9%
The Fountains of Paradise
45.1%
On Chesil Beach
43.4%
Saturday
41.8%
Rendezvous with Rama
38.9%
Childhood's End
33.6%

You're not logged in!

Compare scores with friends on all Sporcle quizzes.
Join for Free
OR
Log In

You Might Also Like...

Show Comments

Extras

Top Quizzes Today


Score Distribution

Your Account Isn't Verified!

In order to create a playlist on Sporcle, you need to verify the email address you used during registration. Go to your Sporcle Settings to finish the process.

Report this User

Report this user for behavior that violates our Community Guidelines.

Details: